000 00693nam a2200193 4500
003 DO-SdBNP
005 20171124105720.0
008 171123b ||||| |||| 00| 0 spa d
040 _aBPMSU
_bspa
_cBPMSU
092 _axxxx
_bxxxx
100 1 _aPadrosa, Luis
245 1 0 _aPor que deje el Catolicismo? /
_cLuis Padrosa.
260 _aBuenos Aires, Argentina :
_bMoody,
_cs. f.
300 _a127 p. ;
_c18 cm.
505 0 _t Prólogo.--
_t Introducción̤.--
_tInfalibilidad Pontificia.--
_tNecesidad de una Iglesia visible.--
_tMaría, nuestra madre.--
_tObligaciones.--
_tConclusiones.
942 _2ddc
_cBK
945 _aInventario / 2017 LP
956 _aLOPEREZ
_b10
_c20171123
_h0041
_iBPMSU
999 _c13039
_d13039